000 00882cam a22002175a 4500
001 L156991
008 120807s1874 xxk f 000 0 eng d
035 _a(Sirsi) u156991
041 0 _aeng
100 1 _aHudson, R.
245 0 4 _aThe land valuer's best assistant
_bbeing tables on an improved plan for calculating the value of estates
250 _aA new edition, with additions and corrections
260 _aLondon
_bLockwood & Co.
_c1874
300 _axxv, 100, 20 p.
_c8 x 12 cm.
520 _aCover title: "Hudson's land valuer's assistant".
520 _aThere is a signature inscribed in ink on the front endpaper verso: "W. A. Keates". There are manuscript notes on some blank pages at the front of the book.
583 _aCondition reviewed
_c20120807
_lcondition level 3
651 4 _aGreat Britain
_y1707-
690 _aConstruction management
_96230
942 _n0
999 _c114535
_d114535